Foods beginning with F - Statistics

General Stats
  • This quiz has been taken 164 times
  • The average score is 2 of 7
Answer Stats
Picture Answer % Correct
Fig
95%
Fungi
49%
Fajitas
47%
Fennel seed
29%
Filo Pastry
9%
Flat Peach
9%
Fenugreek
6%
No matching quizzes found
Score Distribution
Percent of People with Each Score
Percentile by Number Answered
Your Score History
You have not taken this quiz